|
|
|
|
| LEADER |
00000cas a2200000 a 4500 |
| 001 |
vtls010301094 |
| 003 |
SK-MaSNL |
| 005 |
20260228163155.0 |
| 008 |
220304d19531955xo mr p 0 b0slo |
| 040 |
|
|
|a SNK
|b slo
|c SNK
|e AACR2
|
| 041 |
0 |
|
|a slo
|
| 043 |
|
|
|a e-xo---
|
| 044 |
|
|
|a xo
|c SK
|
| 072 |
|
7 |
|a 624
|x Stavebné inžinierstvo
|2 konspekt
|
| 080 |
|
|
|a 625.7/.8
|2 2011
|
| 080 |
|
|
|a (085.3)
|2 2011
|
| 080 |
|
|
|a (437.641)
|2 2011
|
| 080 |
|
|
|a 625.711.1/.3
|2 2011
|
| 080 |
|
|
|a 711.73
|2 2011
|
| 080 |
|
|
|a 050
|2 2011
|
| 245 |
0 |
0 |
|a Cestár Žilinského kraja
|b závodný časopis zamestnancov Československých štátnych ciest
|
| 260 |
|
|
|a Žilina
|b ZO KSS, ZS ROH a ZS ČSM Čsl. štátnych ciest, n. p. v Žiline
|c 1953-1955
|
| 300 |
|
|
|a 3 zv.
|c 31 cm
|
| 310 |
|
|
|a 1x mesačne
|
| 362 |
0 |
|
|a Roč. I, č. 1 (30. nov. 1953)-roč. III, č. 3 (mar. 1955)
|
| 500 |
|
|
|a Ved. red.: Vladimír Srba
|
| 650 |
0 |
7 |
|a cestné staviteľstvo
|2 SNKPH
|9 51013
|
| 650 |
0 |
7 |
|a cesty
|2 SNKPH
|9 25096
|
| 651 |
|
7 |
|a Žilinský kraj (Slovensko)
|2 SNKPHgeo
|9 161162
|
| 655 |
|
7 |
|a podnikové periodiká
|2 SNKPH
|9 132333
|
| 700 |
1 |
|
|a Srba, Vladimír
|4 pbd
|9 273270
|
| 710 |
2 |
|
|a Československé štátne cesty, n.p. (Žilina, Slovensko)
|4 pbl
|9 273271
|
| 910 |
|
|
|a snk
|
| 916 |
|
|
|a 1953-1955
|
| 999 |
|
|
|c 8977
|d 10907
|
| 952 |
|
|
|0 0
|1 0
|4 0
|7 0
|a SNK
|b SNK
|d 2022-03-03
|f 1
|i snk 840/54
|l 0
|o snkČSB 799/1/1953
|p 17A0740752
|r 2026-02-21 20:11:01
|t č. 1-2
|w 2026-02-21
|y PREZ
|
| 952 |
|
|
|0 0
|1 0
|4 0
|7 0
|a SNK
|b SNK
|d 2022-03-03
|f 1
|i snkII. 2377/55
|l 0
|o snkČSB 799/2/1954
|p 17A0740911
|r 2026-02-21 20:11:01
|t č. 1-11
|w 2026-02-21
|y PREZ
|
| 952 |
|
|
|0 0
|1 0
|4 0
|7 0
|a SNK
|b SNK
|d 2022-03-03
|f 1
|i snkČSP 574/56
|l 0
|o snkČSB 799/3/1955
|p 17A0740869
|r 2026-02-21 20:11:01
|t č. 1-3
|w 2026-02-21
|y PREZ
|
| 952 |
|
|
|0 0
|1 0
|4 0
|7 0
|a SNK
|b SNK
|d 2022-03-03
|i snkII. 2376/55
|l 0
|o snkČSB 799/2/1954 D1
|p 17A1462185
|r 2026-02-21 20:11:01
|t č. 1-11
|w 2026-02-21
|y PREZ
|
| 952 |
|
|
|0 0
|1 0
|4 0
|7 0
|8 1
|a SNK
|b SNK
|d 2022-03-03
|i snkD 786/81
|l 0
|o snkČSB 799/3/1955 D1
|p 17A1462186
|r 2026-02-21 20:11:01
|t č. 1-3
|w 2026-02-21
|y PREZ
|